<?xml version="1.0" encoding="UTF-8"?>
<record
    xmlns:xsi="http://www.w3.org/2001/XMLSchema-instance"
    xsi:schemaLocation="http://www.loc.gov/MARC21/slim http://www.loc.gov/standards/marcxml/schema/MARC21slim.xsd"
    xmlns="http://www.loc.gov/MARC21/slim">

  <leader>02325agaaa2200337   4500</leader>
  <controlfield tag="001">0722</controlfield>
  <controlfield tag="003">IT-RoPAU</controlfield>
  <controlfield tag="005">20220918181234.0</controlfield>
  <controlfield tag="007">d cvaizq</controlfield>
  <controlfield tag="008">50131s9999||||xx ||| |     ||   ||und||</controlfield>
  <datafield tag="040" ind1=" " ind2=" ">
    <subfield code="a">IT-RoPAU</subfield>
    <subfield code="c">IT-RoPAU</subfield>
  </datafield>
  <datafield tag="041" ind1=" " ind2=" ">
    <subfield code="a">ITALIANO</subfield>
  </datafield>
  <datafield tag="100" ind1=" " ind2=" ">
    <subfield code="a">Trier Lars Von</subfield>
    <subfield code="g">Codice regista SPICS: 50371</subfield>
    <subfield code="9">42279</subfield>
  </datafield>
  <datafield tag="130" ind1=" " ind2=" ">
    <subfield code="a">ONDE DEL DESTINO (LE)</subfield>
    <subfield code="9">42280</subfield>
  </datafield>
  <datafield tag="240" ind1=" " ind2=" ">
    <subfield code="a">BREAKING THE WAVES</subfield>
    <subfield code="g">T3134</subfield>
  </datafield>
  <datafield tag="245" ind1=" " ind2=" ">
    <subfield code="a">ONDE DEL DESTINO (LE)</subfield>
    <subfield code="c">Prodotto da: Windelov Wibeke -- Sceneggiatura: Trier Lars Von -- Diretto da: Trier Lars Von</subfield>
    <subfield code="p">ONDE DEL DESTINO (LE) (Rif. Codice opera principale : F0722)</subfield>
  </datafield>
  <datafield tag="246" ind1=" " ind2=" ">
    <subfield code="a">BREAKING THE WAVES</subfield>
  </datafield>
  <datafield tag="250" ind1=" " ind2=" ">
    <subfield code="a">Edizione Standard</subfield>
  </datafield>
  <datafield tag="260" ind1=" " ind2=" ">
    <subfield code="a">DANIMARCA (DANIMARCA)</subfield>
    <subfield code="b">ZENTROPA ENTERTAINMENT / Distribuzione: LUCKY RED HOME VIDEO</subfield>
    <subfield code="g">"1996 (1&#xB0; ed.: 1998 ; Ed. Lingua Orig.: 1996)"</subfield>
  </datafield>
  <datafield tag="300" ind1=" " ind2=" ">
    <subfield code="a">VHS</subfield>
    <subfield code="b">sonoro, col.</subfield>
    <subfield code="c">155 minuti</subfield>
  </datafield>
  <datafield tag="508" ind1=" " ind2=" ">
    <subfield code="a">"Fotografia: Muller Robby; Montaggio: Refn Anders; Musica: Holbuk Joachim; Sceneggiatura: Trier Lars Von; Scenografia: Juliusson Karl; "</subfield>
  </datafield>
  <datafield tag="511" ind1=" " ind2=" ">
    <subfield code="a">"Watson Emily; Skarsgard Stellan; Cartlidge Katrin; Barr Jean-Marc; Kier Udo"</subfield>
  </datafield>
  <datafield tag="520" ind1=" " ind2=" ">
    <subfield code="a">VIETATO AI MINORI DI 14 ANNI.AMBIENTATO DURANTE I PRIMI ANNI SETTANTA IN UNA PICCOLA COMUNITA' SULLE COSTE DELLA SCOZIA, RACCONTA LA STORIA DI BESS, UNA GIOVANE DONNA INGENUA ED INNOCENTE CHE VIVE UNA PROFONDA ESPERIENZA AMOROSA. BESS SI INNAMORA DI JAN, UN INQUIETO OPERAIO DI UN POZZO PETROLIFERO. JAN, AFFASCINATO DALLA PUREZZA E DALL'INNOCENZA DI BESS NONOSTANTE L'OPPOSIZIONE DELLA COMUNITA' LE CHIEDERA' DI SPOSARLO. I DUE GIOVANI PER UN BREVE FELICE PERIODO VIVONO UN INTENSO AMORE, MA QUANDO JAN DEVE FARE RITORNO AL POZZO PETROLIFERO, BESS PRECIPITA NELLA DISPERAZIONE. IL RITORNO AVVIENE PRIMA DEL PREVISTO A CAUSA DI UNA ESPLOSIONE AL POZZO CHE FERISCE GRAVEMENTE JAN, LASCIANDOLO COMPLETAMENTE PARALIZZATO. BESS ARRIVA COSI' AD OGNI SACRIFICIO RISCHIANDO ANCHE LA VITA PER IL SUO GRANDE AMORE.</subfield>
  </datafield>
  <datafield tag="538" ind1=" " ind2=" ">
    <subfield code="a">PAL, STEREO</subfield>
  </datafield>
  <datafield tag="546" ind1=" " ind2=" ">
    <subfield code="a">ITALIANO</subfield>
  </datafield>
  <datafield tag="650" ind1=" " ind2=" ">
    <subfield code="a">DRAMMATICO</subfield>
    <subfield code="e">FILMS [VHS]</subfield>
    <subfield code="x">Codice MATERIA SPICS: 9960</subfield>
    <subfield code="9">34083</subfield>
  </datafield>
  <datafield tag="700" ind1=" " ind2=" ">
    <subfield code="a">Holbuk Joachim</subfield>
    <subfield code="e">(musica)</subfield>
    <subfield code="g">Codice Musica SPICS: 50372</subfield>
    <subfield code="9">42281</subfield>
  </datafield>
  <datafield tag="700" ind1=" " ind2=" ">
    <subfield code="a">Trier Lars Von </subfield>
    <subfield code="e">(regista)</subfield>
    <subfield code="g">Codice regista SPICS: 50371</subfield>
    <subfield code="9">42282</subfield>
  </datafield>
  <datafield tag="700" ind1=" " ind2=" ">
    <subfield code="a">Trier Lars Von </subfield>
    <subfield code="e">(soggetto)</subfield>
    <subfield code="g">Codice Soggetto SPICS: 50371</subfield>
    <subfield code="9">42283</subfield>
  </datafield>
  <datafield tag="942" ind1=" " ind2=" ">
    <subfield code="c">VH</subfield>
    <subfield code="2">ddc</subfield>
  </datafield>
  <datafield tag="999" ind1=" " ind2=" ">
    <subfield code="c">105594</subfield>
    <subfield code="d">105594</subfield>
  </datafield>
  <datafield tag="952" ind1=" " ind2=" ">
    <subfield code="0">0</subfield>
    <subfield code="1">0</subfield>
    <subfield code="4">0</subfield>
    <subfield code="6">F_0722_000000000000000</subfield>
    <subfield code="7">1</subfield>
    <subfield code="a">SPICS</subfield>
    <subfield code="b">SPICS</subfield>
    <subfield code="d">2015-01-31</subfield>
    <subfield code="l">0</subfield>
    <subfield code="o">F0722</subfield>
    <subfield code="r">2015-01-31 00:00:00</subfield>
    <subfield code="w">2015-01-31</subfield>
    <subfield code="y">VH</subfield>
    <subfield code="z">Progr. Ins.: 827 / N.Vol.:1 / Copie: 1 / Pag.: / Copia rara: n.d. / date import: 1.2.2015 / By Epidotti, Trombetti, Vaglietti</subfield>
  </datafield>
</record>
